书目信息 |
| 题名: |
建筑结构工程管理
|
|
| 作者: | 钱增志 主编 ;中铁建设集团公司 主编 | |
| 分册: | ||
| 出版信息: | 北京 中国建筑工业出版社 2025.04 |
|
| 页数: | 217页 | |
| 开本: | 26cm | |
| 丛书名: | 工程质量提升与管理创新系列丛书 | |
| 单 册: | ||
| 中图分类: | TU3 | |
| 科图分类: | ||
| 主题词: | 建筑结构--jian zhu jie gou--结构工程--施工管理--技术培训--教材 | |
| 电子资源: | ||
| ISBN: | 978-7-112-31011-1 | |
| 000 | 01594nam 2200301 450 | |
| 001 | 90476 | |
| 005 | 20250815193216.06 | |
| 010 | @a978-7-112-31011-1@dCNY59.00 | |
| 100 | @a20250603d2025 em y0chiy50 ea | |
| 101 | 0 | @achi |
| 102 | @aCN@b110000 | |
| 105 | @aak z 000yy | |
| 106 | @ar | |
| 200 | 1 | @a建筑结构工程管理@Ajian zhu jie gou gong cheng guan li@e施工员、质量员适用@f中铁建设集团有限公司主编 |
| 210 | @a北京@c中国建筑工业出版社@d2025.04 | |
| 215 | @a217页@c图@d26cm | |
| 225 | 2 | @a工程质量提升与管理创新系列丛书@Agong cheng zhi liang ti sheng yu guan li chuang xin xi lie cong shu |
| 225 | 2 | @a建筑与市政工程施工现场专业人员能力提升培训教材@Ajian zhu yu shi zheng gong cheng shi gong xian chang zhuan ye ren yuan neng li ti sheng pei xun jiao cai |
| 314 | @a书内题: 钱增志主编 | |
| 330 | @a本教材以岗位职责为基础, 以工序为线索, 突出问题导向, 具体包含基础篇、提升篇、创新篇等内容。通过对教材的学习, 可了解建筑与市政工程施工现场专业人员应具备的基本素养、各施工阶段的工作流程、各施工阶段的管控重难点。同时, 教材还围绕工业化、数字化、绿色化等行业发展方向, 选取了比较成熟的、经济适用、能够体现先进性且推广价值高的创新应用, 以帮助学员在实际工作中进一步提升工作能力。 | |
| 410 | 0 | @12001 @a工程质量提升与管理创新系列丛书 |
| 410 | 0 | @12001 @a建筑与市政工程施工现场专业人员能力提升培训教材 |
| 606 | 0 | @a建筑结构@Ajian zhu jie gou@x结构工程@x施工管理@x技术培训@j教材 |
| 690 | @aTU3@v5 | |
| 701 | 0 | @a钱增志@Aqian zeng zhi@4主编 |
| 711 | 02 | @a中铁建设集团公司@Azhong tie jian she ji tuan gong si@4主编 |
| 801 | 0 | @aCN@c20250909 |
| 905 | @a河南城建学院图书馆@dTU3@eQ270@f1 | |
| 建筑结构工程管理:施工员、质量员适用/中铁建设集团有限公司主编.-北京:中国建筑工业出版社,2025.04 |
| 217页:图;26cm.-(工程质量提升与管理创新系列丛书).-(建筑与市政工程施工现场专业人员能力提升培训教材) |
| ISBN 978-7-112-31011-1:CNY59.00 |
| 本教材以岗位职责为基础, 以工序为线索, 突出问题导向, 具体包含基础篇、提升篇、创新篇等内容。通过对教材的学习, 可了解建筑与市政工程施工现场专业人员应具备的基本素养、各施工阶段的工作流程、各施工阶段的管控重难点。同时, 教材还围绕工业化、数字化、绿色化等行业发展方向, 选取了比较成熟的、经济适用、能够体现先进性且推广价值高的创新应用, 以帮助学员在实际工作中进一步提升工作能力。 |
| ● |
| 相关链接 |
|
|
|
正题名:建筑结构工程管理
索取号:TU3/Q270
 
预约/预借
| 序号 | 登录号 | 条形码 | 馆藏地/架位号 | 状态 | 备注 |
| 1 | 1624438 | 216244384 | 建筑库101/ [索取号:TU3/Q270] | 在馆 |